[Event "RUS-chT Rapid"]
[Site "Sochi"]
[Date "2021.10.16"]
[Round "7.4"]
[White "Kukhmazov, Arsen"]
[Black "Sanzhaev, Darsen"]
[Result "1/2-1/2"]
[WhiteElo "2472"]
[BlackElo "2411"]
[PlyCount "152"]
[EventDate "2021.10.15"]
[EventType "team-swiss (rapid)"]
[EventRounds "9"]
[EventCountry "RUS"]
[SourceTitle "CBM 204 Extra"]
[Source "ChessBase"]
[SourceDate "2021.11.30"]
[SourceVersion "1"]
[SourceVersionDate "2021.11.30"]
[SourceQuality "1"]
[WhiteTeam "Moscow Severnyy Kharakter"]
[BlackTeam "Kalmykiya Uralan"]
[WhiteTeamCountry "RUS"]
[BlackTeamCountry "RUS"]

1. d4 d5 2. c4 c6 3. Nf3 e6 4. Qc2 Nf6 5. g3 b6 6. Bg2 Bb7 7. 0-0 Nbd7 8. Nbd2 Bd6 9. e4 dxe4 10. Nxe4 Nxe4 11. Qxe4 Nf6 12. Qe2 0-0 13. Rd1 Qe7 14. Ne5 c5 15. dxc5 Bxc5 16. Bg5 Bxg2 17. Kxg2 Bd6 18. Bxf6 gxf6 19. Nc6 Qc7 20. Qg4+ Kh8 21. Qf3 f5 22. b4 a6 23. a4 Rfc8 24. b5 axb5 25. cxb5 Bc5 26. Ra2 f6 27. Qc3 e5 28. Rad2 Bd4 29. Qb3 Qb7 30. Qe6 Kg7 31. Rxd4 exd4 32. Rxd4 Rc7 33. Qxf5 Rf8 34. f3 Qc8 35. Qe4 Re8 36. Qd3 Qe6 37. Re4 Qa2+ 38. Kh3 Qf7 39. g4 Rd7 40. Qe3 Rxe4 41. Qxe4 Qd5 42. Qf4 Qd6 43. Qf5 Qd5 44. Qf4 Qd6 45. Qf5 h6 46. Qe4 Qd3 47. Qf4 Qf1+ 48. Kh4 Qf2+ 49. Qg3 Rd2 50. Qxf2 Rxf2 51. Kg3 Ra2 52. Nb4 Rxa4 53. Nd5 Ra5 54. Nxb6 Rxb5 55. Nc4 Kg6 56. Nd6 Ra5 57. Nf5 Re5 58. Kf4 h5 59. h3 hxg4 60. hxg4 Ra5 61. Nd6 Rd5 62. Nf5 Ra5 63. Nd6 Ra4+ 64. Kg3 Ra6 65. Nf5 Kf7 66. Kf4 Ra4+ 67. Kg3 Ke6 68. Ng7+ Ke5 69. Nf5 Ra1 70. Ng7 Ra4 71. Nf5 Rb4 72. Ng7 Rb1 73. Nf5 Rg1+ 74. Kf2 Rh1 75. Kg3 Rh7 76. Ne3 Rh8 1/2-1/2

[Event "RUS-chT Rapid"]
[Site "Sochi"]
[Date "2021.10.15"]
[Round "3.1"]
[White "Grachev, Boris V"]
[Black "Sanzhaev, Darsen"]
[Result "1-0"]
[WhiteElo "2615"]
[BlackElo "2411"]
[PlyCount "95"]
[EventDate "2021.10.15"]
[EventType "team-swiss (rapid)"]
[EventRounds "9"]
[EventCountry "RUS"]
[SourceTitle "CBM 204 Extra"]
[Source "ChessBase"]
[SourceDate "2021.11.30"]
[SourceVersion "1"]
[SourceVersionDate "2021.11.30"]
[SourceQuality "1"]
[WhiteTeam "Moscow Sbornaja"]
[BlackTeam "Kalmykiya Uralan"]
[WhiteTeamCountry "RUS"]
[BlackTeamCountry "RUS"]

1. Nf3 c5 2. c4 Nf6 3. Nc3 g6 4. e4 Bg7 5. d4 cxd4 6. Nxd4 0-0 7. Be2 Nc6 8. Be3 d6 9. 0-0 Bd7 10. Nc2 Rc8 11. Rc1 Qa5 12. h3 Ne5 13. Na3 a6 14. f4 Nc6 15. Qd2 Be6 16. Bd3 Nh5 17. Qf2 Qd8 18. Nd5 Nf6 19. Nb6 Rc7 20. Nc2 Nd7 21. Nd5 Rc8 22. b4 a5 23. a3 axb4 24. axb4 Bxd5 25. exd5 Ncb8 26. Nd4 Na6 27. Rb1 Nc7 28. Rfe1 Re8 29. Nb3 Ra8 30. Na5 Qc8 31. Kh1 Na6 32. Qd2 Qc7 33. Nb3 Kf8 34. Bd4 Bxd4 35. Nxd4 Qb6 36. Bf1 Nc7 37. Rb3 Ra4 38. f5 Kg7 39. fxg6 hxg6 40. Qb2 Kg8 41. Nf3 Na6 42. Rb1 Ra8 43. Qd2 Kg7 44. Qe1 Qd8 45. Re3 Kf8 46. Qh4 Kg8 47. Rxe7 Nf8 48. Qf6 1-0

[Event "RUS-chT Rapid"]
[Site "Sochi"]
[Date "2021.10.15"]
[Round "5.3"]
[White "Shubin, Kirill"]
[Black "Sanzhaev, Darsen"]
[Result "1-0"]
[WhiteElo "2463"]
[BlackElo "2411"]
[PlyCount "65"]
[EventDate "2021.10.15"]
[EventType "team-swiss (rapid)"]
[EventRounds "9"]
[EventCountry "RUS"]
[SourceTitle "CBM 204 Extra"]
[Source "ChessBase"]
[SourceDate "2021.11.30"]
[SourceVersion "1"]
[SourceVersionDate "2021.11.30"]
[SourceQuality "1"]
[WhiteTeam "St Petersburg SShOR"]
[BlackTeam "Kalmykiya Uralan"]
[WhiteTeamCountry "RUS"]
[BlackTeamCountry "RUS"]

1. e4 c5 2. Nf3 e6 3. g3 Nc6 4. Bg2 Nf6 5. Qe2 d5 6. exd5 Nxd5 7. 0-0 Be7 8. Rd1 Bf6 9. Nc3 Nxc3 10. dxc3 Qe7 11. Nd2 Qc7 12. Ne4 Be7 13. Be3 b6 14. Rd2 0-0 15. Rad1 Rb8 16. Nd6 Bxd6 17. Rxd6 Bb7 18. Bf4 Qc8 19. Rxc6 Bxc6 20. Bxb8 Bxg2 21. Bd6 Qa8 22. Bxf8 Kxf8 23. Qd2 Bc6 24. Qd6+ Ke8 25. Qc7 g6 26. Rd6 Bh1 27. Qd7+ Kf8 28. Qd8+ Qxd8 29. Rxd8+ Ke7 30. Rc8 Kd7 31. Rh8 Be4 32. Rxh7 Ke7 33. Rh8 1-0

[Event "RUS-chT Blitz"]
[Site "Sochi"]
[Date "2021.10.14"]
[Round "9.3"]
[White "Sanzhaev, Darsen"]
[Black "Bocharov, Dmitry"]
[Result "0-1"]
[WhiteElo "2411"]
[BlackElo "2517"]
[PlyCount "76"]
[EventDate "2021.10.14"]
[EventType "team-swiss (blitz)"]
[EventRounds "13"]
[EventCountry "RUS"]
[SourceTitle "CBM 204 Extra"]
[Source "ChessBase"]
[SourceDate "2021.11.30"]
[SourceVersion "1"]
[SourceVersionDate "2021.11.30"]
[SourceQuality "1"]
[WhiteTeam "Kalmykiya Uralan"]
[BlackTeam "Novosibirsk Region"]
[WhiteTeamCountry "RUS"]
[BlackTeamCountry "RUS"]

1. d4 Nf6 2. c4 e6 3. g3 d5 4. Bg2 dxc4 5. Nf3 a6 6. 0-0 Nc6 7. e3 Rb8 8. Nfd2 e5 9. Bxc6+ bxc6 10. dxe5 Ng4 11. Nxc4 Be6 12. Nbd2 Bb4 13. b3 h5 14. Nf3 Qxd1 15. Rxd1 Bd5 16. Nfd2 h4 17. e4 hxg3 18. hxg3 Be6 19. Bb2 Bc5 20. Rf1 Rd8 21. Nf3 Rd3 22. Ncd2 Ke7 23. Rac1 Bb6 24. Rxc6 Rhd8 25. Rc2 Ke8 26. Bc1 f6 27. exf6 gxf6 28. Bb2 f5 29. exf5 Bd5 30. Re1+ Kf8 31. Ng5 Rxg3+ 32. Kf1 Nh2+ 33. Ke2 Rxg5 34. Kd1 Nf3 35. Nxf3 Bxf3+ 36. Kc1 Rxf5 37. Rg1 Rfd5 38. Kb1 Be4 0-1

[Event "RUS-chT Blitz"]
[Site "Sochi"]
[Date "2021.10.14"]
[Round "5.4"]
[White "Sanzhaev, Darsen"]
[Black "Nesterov, Arseniy"]
[Result "0-1"]
[WhiteElo "2411"]
[BlackElo "2514"]
[PlyCount "117"]
[EventDate "2021.10.14"]
[EventType "team-swiss (blitz)"]
[EventRounds "13"]
[EventCountry "RUS"]
[SourceTitle "CBM 204 Extra"]
[Source "ChessBase"]
[SourceDate "2021.11.30"]
[SourceVersion "1"]
[SourceVersionDate "2021.11.30"]
[SourceQuality "1"]
[WhiteTeam "Kalmykiya Uralan"]
[BlackTeam "Moscow Molodezhka"]
[WhiteTeamCountry "RUS"]
[BlackTeamCountry "RUS"]

1. d4 d5 2. c4 c6 3. Nf3 Nf6 4. g3 Bf5 5. Nc3 e6 6. Nh4 Bg6 7. Qb3 Qb6 8. c5 Qc7 9. Bf4 Qc8 10. Nxg6 hxg6 11. Bg2 Nbd7 12. 0-0 Be7 13. Qc2 0-0 14. b4 Bd8 15. a4 Bc7 16. Bxc7 Qxc7 17. f4 b6 18. a5 bxc5 19. bxc5 Rab8 20. Rfb1 Rxb1+ 21. Qxb1 Rb8 22. Qd3 Rb4 23. a6 Qb8 24. e3 Ne8 25. Bf1 Nc7 26. Qc2 Rb2 27. Qa4 Qb3 28. Qxb3 Rxb3 29. Nd1 Nb8 30. Be2 Kf8 31. Kf1 Ke7 32. Ke1 f6 33. Kd2 Nd7 34. Kc2 Rb8 35. Nc3 e5 36. Bd3 exd4 37. exd4 Ne6 38. Ra4 f5 39. Ne2 Kf6 40. Ng1 g5 41. fxg5+ Nxg5 42. Ra1 Ne6 43. Nf3 g5 44. Kc3 f4 45. Re1 g4 46. Ne5 Nxe5 47. Rxe5 fxg3 48. hxg3 Rh8 49. Bf5 Nxc5 50. Bxg4 Nxa6 51. Re6+ Kg5 52. Rxc6 Nb8 53. Rc8 Rxc8+ 54. Bxc8 a5 55. Be6 Nc6 56. Bxd5 Nxd4 57. Kxd4 Kg4 58. Be6+ Kxg3 59. Ke4 0-1

[Event "Titled Tuesday intern op 6th Aug"]
[Site "Chess.com INT"]
[Date "2019.08.06"]
[Round "6"]
[White "Sanzhaev, Darsen"]
[Black "Marra, Eduardo da Costa"]
[Result "0-1"]
[WhiteElo "2411"]
[BlackElo "2180"]
[PlyCount "96"]
[EventDate "2019.08.06"]
[EventType "swiss (blitz)"]
[EventRounds "10"]
[EventCountry "USA"]
[SourceTitle "EXT 2021"]
[Source "ChessBase"]
[SourceDate "2020.10.23"]
[SourceVersion "1"]
[SourceVersionDate "2020.10.23"]
[SourceQuality "1"]

1. d4 Nf6 2. c4 c5 3. d5 b5 4. cxb5 a6 5. e3 g6 6. Nc3 d6 7. Nf3 Bg7 8. a4 axb5 9. Bxb5+ Nbd7 10. e4 0-0 11. 0-0 Ba6 12. Qc2 Bxb5 13. Nxb5 Qb6 14. Bd2 Rfb8 15. Bc3 Ne8 16. Bxg7 Kxg7 17. Qc3+ f6 18. Ng5 Qa5 19. Ne6+ Kg8 20. Qh3 Rxb5 21. axb5 Qxa1 22. Ng5 Nf8 23. Ne6 Qa7 24. Nxf8 Kxf8 25. Qxh7 g5 26. f4 c4+ 27. Kh1 Qf2 28. Qh8+ Kf7 29. Qh5+ Kg7 30. Qd1 Qe3 31. fxg5 Qxg5 32. h3 Kf7 33. Qd4 Qe5 34. Qxc4 Ng7 35. Qb4 Rb8 36. b6 Rb7 37. Re1 Nh5 38. Qb5 Ng3+ 39. Kg1 Qd4+ 40. Kh2 Qe5 41. Kg1 Qd4+ 42. Kh2 Qf2 43. Ra1 Ne2 44. Qc6 Rxb6 45. Qd7 Qf4+ 46. Kh1 Qxe4 47. Qd8 Nf4 48. Rg1 Nxh3 0-1

[Event "Titled Tuesday intern op 6th Aug"]
[Site "Chess.com INT"]
[Date "2019.08.06"]
[Round "5"]
[White "Saraci, Nderim"]
[Black "Sanzhaev, Darsen"]
[Result "1-0"]
[WhiteElo "2398"]
[BlackElo "2411"]
[PlyCount "79"]
[EventDate "2019.08.06"]
[EventType "swiss (blitz)"]
[EventRounds "10"]
[EventCountry "USA"]
[SourceTitle "EXT 2021"]
[Source "ChessBase"]
[SourceDate "2020.10.23"]
[SourceVersion "1"]
[SourceVersionDate "2020.10.23"]
[SourceQuality "1"]

1. d4 Nf6 2. Nf3 e6 3. g3 b5 4. Bg2 Bb7 5. 0-0 Be7 6. b3 c5 7. dxc5 Bxc5 8. Bb2 0-0 9. Nbd2 d6 10. c4 a6 11. a3 Nbd7 12. b4 Ba7 13. e3 Nb6 14. Rc1 Rc8 15. Qe2 bxc4 16. Nxc4 Nxc4 17. Rxc4 Rxc4 18. Qxc4 Ne4 19. Rd1 Qe7 20. Qd3 Rc8 21. Nd2 Nxd2 22. Rxd2 Bxg2 23. Kxg2 Qb7+ 24. e4 h6 25. Qf3 Qc6 26. h4 Bb6 27. h5 a5 28. Qg4 e5 29. Rxd6 Qxd6 30. Qxc8+ Kh7 31. Qf5+ Kg8 32. Bxe5 Qc6 33. bxa5 Ba7 34. Qg4 f6 35. Bf4 Qc5 36. Be3 Qxa5 37. Qc8+ Kh7 38. Qf5+ Qxf5 39. exf5 Bb8 40. Bb6 1-0

[Event "Titled Tuesday intern op 2nd July"]
[Site "Chess.com INT"]
[Date "2019.07.02"]
[Round "5"]
[White "Bujisho, Benjamin"]
[Black "Sanzhaev, Darsen"]
[Result "1-0"]
[WhiteElo "2326"]
[BlackElo "2411"]
[PlyCount "93"]
[EventDate "2019.07.02"]
[EventType "swiss (blitz)"]
[EventRounds "10"]
[EventCountry "USA"]
[SourceTitle "EXT 2021"]
[Source "ChessBase"]
[SourceDate "2020.10.23"]
[SourceVersion "1"]
[SourceVersionDate "2020.10.23"]
[SourceQuality "1"]

1. Nf3 Nf6 2. g3 d5 3. Bg2 c6 4. 0-0 Bg4 5. c4 Nbd7 6. cxd5 cxd5 7. d4 e6 8. Nc3 Bd6 9. Qb3 Qb6 10. Qxb6 Nxb6 11. Nb5 Bb8 12. Bf4 Bxf4 13. gxf4 Ke7 14. e3 Bxf3 15. Bxf3 a6 16. Na3 h6 17. Rfc1 Rac8 18. Kf1 g5 19. fxg5 hxg5 20. Rxc8 Nxc8 21. Rc1 Kd7 22. Kg1 Nd6 23. Nb1 g4 24. Bg2 Nfe4 25. Nc3 f5 26. Nxe4 fxe4 27. Bf1 Nf5 28. Be2 Rg8 29. Kg2 Nh4+ 30. Kg3 Nf3 31. Rh1 Kd6 32. Kf4 a5 33. Bxf3 gxf3 34. h4 Ke7 35. h5 Kf6 36. h6 Rh8 37. h7 b5 38. Rh2 b4 39. b3 Kg6 40. Ke5 Kg7 41. Kxe6 Re8+ 42. Kd7 Rh8 43. Kc7 Kg6 44. Kc6 Kg7 45. Kxd5 Rd8+ 46. Kxe4 Kh8 47. d5 1-0

[Event "Titled Tuesday intern op 2nd July"]
[Site "Chess.com INT"]
[Date "2019.07.02"]
[Round "3"]
[White "Sanzhaev, Darsen"]
[Black "Lisik, Valery"]
[Result "1-0"]
[WhiteElo "2411"]
[BlackElo "2440"]
[PlyCount "115"]
[EventDate "2019.07.02"]
[EventType "swiss (blitz)"]
[EventRounds "10"]
[EventCountry "USA"]
[SourceTitle "EXT 2021"]
[Source "ChessBase"]
[SourceDate "2020.10.23"]
[SourceVersion "1"]
[SourceVersionDate "2020.10.23"]
[SourceQuality "1"]

1. d4 d5 2. c4 c6 3. Nc3 Nf6 4. e3 e6 5. Nf3 Nbd7 6. Qc2 Bd6 7. e4 dxe4 8. Nxe4 Nxe4 9. Qxe4 Bb4+ 10. Bd2 Bxd2+ 11. Nxd2 0-0 12. Bd3 Nf6 13. Qe3 b6 14. 0-0-0 Qc7 15. Ne4 Nxe4 16. Bxe4 Bb7 17. c5 Rfd8 18. Rd3 bxc5 19. dxc5 Ba6 20. Rxd8+ Rxd8 21. g3 Bc4 22. a3 Bd5 23. Rd1 a5 24. f4 g6 25. Qd4 Rb8 26. Rd2 Qa7 27. Bxd5 exd5 28. Re2 a4 29. h4 h5 30. f5 Qa6 31. Rf2 Re8 32. fxg6 fxg6 33. Qf4 Qc4+ 34. Qxc4 dxc4 35. Rf4 Re3 36. g4 c3 37. gxh5 gxh5 38. Rxa4 Kf7 39. Rd4 cxb2+ 40. Kxb2 Re5 41. Kb3 Rxc5 42. a4 Rc1 43. a5 Ra1 44. Ra4 Rb1+ 45. Kc4 Ke6 46. a6 Rb8 47. a7 Ra8 48. Kc5 Kd7 49. Kb6 Kd6 50. Kb7 Rxa7+ 51. Kxa7 Kc5 52. Kb7 Kb5 53. Rf4 c5 54. Rf5 Kb4 55. Rxh5 c4 56. Kb6 c3 57. Rc5 Kb3 58. h5 1-0

[Event "Moscow op-A 14th"]
[Site "Moscow"]
[Date "2018.01.29"]
[Round "3"]
[White "Kretov, Evgenij"]
[Black "Sanzhaev, Darsen"]
[Result "1/2-1/2"]
[WhiteElo "2218"]
[BlackElo "2397"]
[PlyCount "109"]
[EventDate "2018.01.27"]
[EventType "swiss"]
[EventRounds "9"]
[EventCountry "RUS"]
[SourceTitle "CBM 182 Extra"]
[Source "ChessBase"]
[SourceDate "2018.02.23"]
[SourceVersion "1"]
[SourceVersionDate "2018.02.23"]
[SourceQuality "1"]

1. d4 Nf6 2. c4 e6 3. Nc3 Bb4 4. Qc2 d5 5. cxd5 exd5 6. Bg5 0-0 7. Nf3 h6 8. Bh4 c5 9. a3 Bxc3+ 10. bxc3 Nbd7 11. e3 Qa5 12. Nd2 b6 13. Qd3 Ne4 14. Nxe4 dxe4 15. Qd2 Bb7 16. Be2 Rac8 17. c4 Qa4 18. d5 Ba6 19. Qc3 b5 20. 0-0 Nb6 21. cxb5 Bxb5 22. Bxb5 Qxb5 23. Rfd1 f6 24. d6 Rfd8 25. a4 Qc4 26. Qa3 Qf7 27. Bg3 Nd5 28. Rac1 Nb4 29. f3 exf3 30. gxf3 a5 31. e4 c4 32. Qe3 Nd3 33. Rc3 Rb8 34. Qd4 Rb4 35. Ra3 Rd7 36. Ra2 Kh7 37. Rad2 h5 38. Rg2 Qe6 39. Rgd2 h4 40. Bxh4 Qxd6 41. Qxd6 Rxd6 42. Ra2 c3 43. Rc2 Rc4 44. Bg3 Rd7 45. Kf1 Nb4 46. Rxd7 Nxc2 47. Ke2 Na1 48. Rc7 Rxa4 49. Rxc3 Ra2+ 50. Kd3 a4 51. e5 fxe5 52. Bxe5 Nb3 53. Rc7 Rg2 54. Kc3 Nd2 55. Kb4 1/2-1/2

[Event "Moscow op-A 13th"]
[Site "Moscow"]
[Date "2017.02.04"]
[Round "8"]
[White "Sanzhaev, Darsen"]
[Black "Shtembuliak, Evgeny"]
[Result "1-0"]
[WhiteElo "2401"]
[BlackElo "2477"]
[PlyCount "61"]
[EventDate "2017.01.28"]
[EventType "swiss"]
[EventRounds "9"]
[EventCountry "RUS"]
[SourceTitle "EXT 2018"]
[Source "ChessBase"]
[SourceDate "2017.10.13"]
[SourceVersion "1"]
[SourceVersionDate "2017.10.13"]
[SourceQuality "1"]

1. d4 d6 2. c4 g6 3. Nc3 Bg7 4. e4 e5 5. Nf3 Nc6 6. Bg5 f6 7. Be3 Bg4 8. d5 Nce7 9. c5 Bh6 10. cxd6 cxd6 11. Qd2 Bxe3 12. Bb5+ Kf7 13. Qxe3 Kg7 14. Nd2 Nh6 15. 0-0 g5 16. Rfc1 Nf7 17. Bd3 Bd7 18. a4 a6 19. Nc4 f5 20. exf5 Bxf5 21. a5 Bg6 22. Nb6 Rb8 23. Ra4 Bxd3 24. Qxd3 Nc8 25. Ne4 Nxb6 26. axb6 Qxb6 27. Rac4 Qb5 28. Qf3 Rhf8 29. Rc7 Qxd5 30. Qf6+ Kg8 31. Ng3 1-0

[Event "Saratov Region-ch"]
[Site "Saratov"]
[Date "2016.12.18"]
[Round "4"]
[White "Bryakin, Mikhail"]
[Black "Sanzhaev, Darsen"]
[Result "1/2-1/2"]
[WhiteElo "2333"]
[BlackElo "2401"]
[PlyCount "80"]
[EventDate "2016.12.15"]
[EventType "swiss"]
[EventRounds "9"]
[EventCountry "RUS"]
[SourceTitle "EXT 2018"]
[Source "ChessBase"]
[SourceDate "2017.10.13"]
[SourceVersion "1"]
[SourceVersionDate "2017.10.13"]
[SourceQuality "1"]

1. d4 g6 2. c4 Bg7 3. Nc3 c5 4. Nf3 cxd4 5. Nxd4 Nc6 6. e3 Nf6 7. Be2 0-0 8. 0-0 d5 9. cxd5 Nxd5 10. Nxc6 bxc6 11. Na4 Bf5 12. Bd2 Rb8 13. Qc1 Qc7 14. Bc4 Be5 15. f4 Bd6 16. Bxd5 cxd5 17. Qxc7 Bxc7 18. b4 Bd6 19. a3 e5 20. fxe5 Bxe5 21. Bc3 Rfe8 22. Rac1 Rbd8 23. Rfe1 d4 24. Bxd4 Bxd4 25. exd4 Rxe1+ 26. Rxe1 Rxd4 27. Nc5 Rd2 28. Re8+ Kg7 29. Ra8 Bb1 30. Rxa7 Ba2 31. Rd7 Rb2 32. Rd4 Kf6 33. Rf4+ Ke7 34. Rf2 Rb1+ 35. Rf1 Rb2 36. Rf2 Rb1+ 37. Rf1 Rb2 38. Rf2 Rb1+ 39. Rf1 Rb2 40. Rf2 Rb1+ 1/2-1/2

[Event "Titled Tuesday intern op 1st Nov 10am"]
[Site "Chess.com INT"]
[Date "2016.11.01"]
[Round "1"]
[White "Van Foreest, Jorden"]
[Black "Sanzhaev, Darsen"]
[Result "1-0"]
[WhiteElo "2614"]
[BlackElo "2401"]
[PlyCount "93"]
[EventDate "2016.11.01"]
[EventType "swiss (blitz)"]
[EventRounds "9"]
[EventCountry "USA"]
[SourceTitle "EXT 2021"]
[Source "ChessBase"]
[SourceDate "2020.10.23"]
[SourceVersion "1"]
[SourceVersionDate "2020.10.23"]
[SourceQuality "1"]

1. e4 c5 2. Nf3 Nc6 3. Bb5 g6 4. Bxc6 bxc6 5. 0-0 Bg7 6. Re1 Nh6 7. c3 f6 8. d4 cxd4 9. cxd4 Nf7 10. h3 d6 11. Nc3 0-0 12. b3 e5 13. Bb2 Qb6 14. Rc1 Ba6 15. Ba3 Rfd8 16. Na4 Qb5 17. Nb2 Qa5 18. Nc4 Bxc4 19. Rxc4 Qxa3 20. Ra4 Qb2 21. Re2 Qc3 22. Rc2 exd4 23. Nxd4 Qc5 24. Nxc6 Qb6 25. Nxd8 Rxd8 26. Qd5 Kf8 27. Rac4 Ne5 28. Rc8 Ke7 29. R2c7+ Nd7 30. Rxd8 Kxd8 31. Rb7 Qc5 32. Qg8+ Bf8 33. g3 Qc1+ 34. Kg2 Qc6 35. Rb4 a5 36. Rc4 Qb7 37. Qxh7 d5 38. exd5 Qxd5+ 39. Kh2 Qf5 40. Rf4 Qe5 41. Qxg6 Bc5 42. Qe4 Qd6 43. h4 Ne5 44. h5 Qf8 45. Qa8+ Ke7 46. Qxf8+ Kxf8 47. Rxf6+ 1-0

[Event "Titled Tuesday intern op 1st Nov 10am"]
[Site "Chess.com INT"]
[Date "2016.11.01"]
[Round "3"]
[White "Wieczorek, Oskar"]
[Black "Sanzhaev, Darsen"]
[Result "1/2-1/2"]
[WhiteElo "2465"]
[BlackElo "2401"]
[PlyCount "271"]
[EventDate "2016.11.01"]
[EventType "swiss (blitz)"]
[EventRounds "9"]
[EventCountry "USA"]
[SourceTitle "EXT 2021"]
[Source "ChessBase"]
[SourceDate "2020.10.23"]
[SourceVersion "1"]
[SourceVersionDate "2020.10.23"]
[SourceQuality "1"]

1. e4 e5 2. Nf3 Nc6 3. Bb5 a6 4. Bxc6 dxc6 5. d3 Bd6 6. Nc3 c5 7. Ne2 Ne7 8. 0-0 0-0 9. Nd2 Ng6 10. a4 Be6 11. Nc4 b5 12. Ne3 Qd7 13. Ng3 Rfd8 14. Ngf5 Bf8 15. Qg4 Ne7 16. Qf3 g6 17. Ng4 Kh8 18. Nf6 Qc6 19. Bg5 Nxf5 20. axb5 axb5 21. exf5 Qxf3 22. gxf3 Bxf5 23. Ne4 Rdb8 24. Bf6+ Bg7 25. Bxg7+ Kxg7 26. Nxc5 f6 27. b4 Bh3 28. Rfe1 Kf7 29. c3 Rd8 30. Nb7 Rdb8 31. Nc5 Rd8 32. Red1 c6 33. Rdc1 Rxa1 34. Rxa1 g5 35. Ra7+ Kg6 36. Ra6 Rd6 37. f4 gxf4 38. f3 Kf5 39. Kf2 h5 40. Ra7 Rd8 41. Ke2 Rg8 42. Ne4 Rg2+ 43. Nf2 Rxh2 44. Rh7 Bg2 45. d4 Ke6 46. dxe5 fxe5 47. Rh6+ Kd5 48. Rf6 Kc4 49. Rxc6+ Kb3 50. Rc5 Bh1 51. Rxe5 Kxc3 52. Rxb5 Kc4 53. Rf5 Kxb4 54. Rxf4+ Kc5 55. Kf1 Bxf3 56. Rxf3 Rh4 57. Kg2 Kd5 58. Rf5+ Ke6 59. Ra5 Kf6 60. Kg3 Rb4 61. Rxh5 Ke6 62. Kf3 Kd6 63. Ne4+ Ke6 64. Kf4 Rb1 65. Re5+ Kd7 66. Rh5 Ke6 67. Rh6+ Kd5 68. Rd6+ Kc4 69. Ke5 Rb5+ 70. Kf4 Rb1 71. Rd8 Rb2 72. Rd7 Rb4 73. Ke5 Rb5+ 74. Ke6 Rh5 75. Nd6+ Kc5 76. Ne8 Rh6+ 77. Nf6 Rh4 78. Rc7+ Kd4 79. Rc1 Rf4 80. Rd1+ Kc4 81. Ke5 Rh4 82. Rd8 Rh1 83. Ng4 Rh5+ 84. Ke4 Rh4 85. Kf3 Rh3+ 86. Kf4 Rh4 87. Kg5 Rh1 88. Ne5+ Kc5 89. Kf5 Rh5+ 90. Kf6 Rh6+ 91. Kg5 Rh1 92. Kf4 Rh4+ 93. Ke3 Ra4 94. Nd3+ Kc6 95. Rc8+ Kd5 96. Rc5+ Kd6 97. Rb5 Ra3 98. Kd4 Ra4+ 99. Nb4 Ra1 100. Rb6+ Kd7 101. Nd5 Rd1+ 102. Ke5 Re1+ 103. Kf5 Rf1+ 104. Ke4 Re1+ 105. Ne3 Ke7 106. Rb3 Ke6 107. Rb6+ Ke7 108. Kd4 Re2 109. Nc4 Re1 110. Kc5 Rd1 111. Ne3 Rd3 112. Nd5+ Kf7 113. Kd6 Rd1 114. Rb4 Kg6 115. Rf4 Kg5 116. Rf3 Re1 117. Ne3 Ra1 118. Ke5 Ra5+ 119. Nd5 Kg4 120. Rf8 Ra4 121. Nf6+ Kf3 122. Ne4+ Ke3 123. Nf6 Kd3 124. Nd5 Re4+ 125. Kd6 Kd4 126. Rf1 Rh4 127. Rd1+ Kc4 128. Ne3+ Kc3 129. Kc5 Rh8 130. Nd5+ Kc2 131. Rg1 Rh7 132. Rg4 Rh8 133. Kd4 Kb3 134. Rg3+ Kc2 135. Nb4+ Kb2 136. Na6 1/2-1/2

[Event "Chigorin Memorial 24th"]
[Site "St Petersburg"]
[Date "2016.10.21"]
[Round "7"]
[White "Feduk, Viktor"]
[Black "Sanzhaev, Darsen"]
[Result "1/2-1/2"]
[WhiteElo "2150"]
[BlackElo "2353"]
[PlyCount "85"]
[EventDate "2016.10.15"]
[EventType "swiss"]
[EventRounds "9"]
[EventCountry "RUS"]
[SourceTitle "CBM 175 Extra"]
[Source "ChessBase"]
[SourceDate "2016.12.12"]
[SourceVersion "1"]
[SourceVersionDate "2016.12.12"]
[SourceQuality "1"]

1. e4 e5 2. Nf3 Nc6 3. Nc3 Nf6 4. g3 d5 5. exd5 Nxd5 6. Bg2 Nxc3 7. bxc3 Bc5 8. 0-0 0-0 9. Re1 Qf6 10. d3 Bg4 11. h3 Bh5 12. g4 Bg6 13. Bg5 Qd6 14. Nxe5 Nxe5 15. d4 Nc6 16. dxc5 Qxc5 17. Qd2 Rfe8 18. Qd7 Rxe1+ 19. Rxe1 h6 20. Bd2 Rd8 21. Re8+ Rxe8 22. Qxe8+ Kh7 23. Qd7 Qb6 24. Be3 Qa5 25. Qc8 Qxc3 26. Qxc7 a5 27. Qxb7 Nb4 28. h4 h5 29. gxh5 Qa1+ 30. Kh2 Qe5+ 31. Kg1 Qxh5 32. c4 Nd3 33. Qd5 Qxh4 34. c5 Ne1 35. c6 Qg4 36. c7 Bf5 37. Kh2 a4 38. a3 f6 39. c8Q Bxc8 40. Qe4+ Bf5 41. Qxg4 Bxg4 42. Bc6 Bd1 43. Bd2 1/2-1/2

[Event "Chigorin Memorial 24th"]
[Site "St Petersburg"]
[Date "2016.10.20"]
[Round "6"]
[White "Sanzhaev, Darsen"]
[Black "Sviridov, Valery"]
[Result "1/2-1/2"]
[WhiteElo "2353"]
[BlackElo "2518"]
[PlyCount "45"]
[EventDate "2016.10.15"]
[EventType "swiss"]
[EventRounds "9"]
[EventCountry "RUS"]
[SourceTitle "CBM 175 Extra"]
[Source "ChessBase"]
[SourceDate "2016.12.12"]
[SourceVersion "1"]
[SourceVersionDate "2016.12.12"]
[SourceQuality "1"]

1. d4 Nf6 2. c4 g6 3. Nc3 d5 4. Bf4 Bg7 5. e3 0-0 6. Rc1 c5 7. dxc5 Be6 8. Nge2 Nc6 9. cxd5 Nxd5 10. Nxd5 Qxd5 11. Qxd5 Bxd5 12. Nc3 Bxc3+ 13. Rxc3 Bxa2 14. Bb5 Rfd8 15. Ke2 Be6 16. f3 Nb4 17. e4 Rac8 18. Be3 a6 19. Ba4 Na2 20. Rc2 Nb4 21. Rc3 Na2 22. Rc2 Nb4 23. Rc3 1/2-1/2

[Event "Chigorin Memorial 24th"]
[Site "St Petersburg"]
[Date "2016.10.15"]
[Round "1"]
[White "Bondarenko, Dmitry"]
[Black "Sanzhaev, Darsen"]
[Result "0-1"]
[WhiteElo "1918"]
[BlackElo "2353"]
[PlyCount "130"]
[EventDate "2016.10.15"]
[EventType "swiss"]
[EventRounds "9"]
[EventCountry "RUS"]
[SourceTitle "CBM 175 Extra"]
[Source "ChessBase"]
[SourceDate "2016.12.12"]
[SourceVersion "1"]
[SourceVersionDate "2016.12.12"]
[SourceQuality "1"]

1. d4 Nf6 2. Bg5 d5 3. Bxf6 exf6 4. e3 Bd6 5. Bd3 0-0 6. Qh5 g6 7. Qh6 Re8 8. Ne2 c6 9. Nbc3 b5 10. h4 f5 11. 0-0-0 Bf8 12. Qf4 Qd6 13. Qf3 Nd7 14. h5 Nf6 15. hxg6 fxg6 16. Nf4 a6 17. g3 Ra7 18. Nce2 Rg7 19. Kb1 a5 20. c3 Ne4 21. Qg2 Rb7 22. Nc1 b4 23. c4 Nc3+ 24. Ka1 Nxd1 25. Rxd1 Be6 26. c5 Qe7 27. Bc2 Bg7 28. Nfd3 Bd7 29. Ne1 Ra8 30. Ba4 Qe4 31. Nb3 Qxg2 32. Nxg2 Rc7 33. Nc1 Bc8 34. Bc2 Ba6 35. Bd3 Re7 36. Bxa6 Rxa6 37. Kb1 g5 38. Kc2 Bf6 39. Rh1 Kg7 40. Nd3 h6 41. Kb3 Ra8 42. Nge1 Re6 43. Nf3 Rh8 44. Ka4 Bd8 45. Nfe5 h5 46. Nc1 Bc7 47. f4 g4 48. Rh4 Bd8 49. Rh1 Reh6 50. Ne2 h4 51. Rg1 Rf6 52. Rg2 Bc7 53. gxh4 Rxh4 54. Ng3 Rh3 55. Nd7 Rf7 56. Nb6 Kg6 57. Kxa5 Re7 58. Nf1 Rf3 59. Rg1 Rf2 60. b3 Rxa2+ 61. Kxb4 Ra1 62. Kc3 Rxe3+ 63. Nxe3 Rxg1 64. Nbxd5 cxd5 65. Nxd5 g3 0-1